000 00534nam a2200181Ia 4500
999 _c203
_d203
003 OSt
005 20241126110332.0
008 160606b xxu||||| |||| 00| 0 eng d
040 _cgbc
082 _a262.1
_bDSO
100 _aD'Souza, Anthony
_97047
245 _aBeing a Leader /
_cAnthony D'Souza
260 _bHaggai Institute,
_aSingapore:
_c1985
300 _a197p.;
_bill.,
_c20 cm.
501 _aThis is the first book in Fr. D'Souza's trilogy on Christian Leadership.
650 _aChristian Leadership
_91568
942 _2ddc
_cBK
_04